Poľovské návraty do minulosti Oslava 750. výročia prvej písomnej zmienky v obci

Bibliographic Details
Main Author: Linhardová, Alžbeta (Author)
Format: Article
Language:Slovak
Subjects:

MARC

LEADER 00000nab a2200000 a 4500
001 vtls000897953
003 SK-MaSNL
005 20260304034343.0
008 040720e19980604xo 0 slo
035 |a KE6974 
040 |a KEVKJB  |b slo  |c KEVKJB  |e AACR2 
041 0 |a slo 
044 |a xo  |c SK 
080 |a 908.437.671  |2 1981 
100 1 |a Linhardová, Alžbeta  |4 aut  |9 327418 
245 1 0 |a Poľovské návraty do minulosti  |b Oslava 750. výročia prvej písomnej zmienky v obci 
650 0 7 |a vlastiveda  |2 SNKPH  |9 3887 
650 0 7 |a dejiny obcí  |2 SNKPH  |9 164834 
650 0 7 |a obecné erby  |2 SNKPH  |9 72784 
650 0 7 |a pečate  |2 SNKPH  |9 3056 
650 0 7 |a prvá písomná zmienka  |2 SNK  |9 1050484 
650 0 7 |a výročia a významné udalosti  |2 SNKPH  |9 16069 
650 0 7 |a oslavy  |2 SNKPH  |9 484766 
651 7 |a Košice (Slovensko)  |2 SNKPHgeo  |9 18694 
651 7 |a Poľov (Košice II, Slovensko)  |2 SNKPHgeo  |9 19801 
655 7 |a periodikum  |2 SNKPH  |9 29553 
773 0 8 |t Košický večer  |g Roč. 9  |g Roč. 30, č.105, 4.6.1998, s. 3 
852 |a ZVYKNI  |b KIS3GCP 
999 |c 2652621  |d 2654551